• 首页
  • 本馆介绍
  • 公告通知
  • 最新文献
  • 馆藏检索
  • 电子资源
  • 读者导购
  • 参考咨询
  • 我的图书馆
  • 登录
  • 详细信息显示
  • 放入我的书架
  • 预约/预借图书
  • 作者相关作品
  • 分类相关作品
  • 丛书相关作品
  • 出版社相关作品

书目信息

  • 表格格式
  • 工作单格式
  • 卡片格式
题名:
广开农村副业门路
    
 
作者: ;中央人民广播电台农村部 编
分册:  
出版信息: 北京   广播出版社  1981
页数: 171页
开本: 19cm
丛书名:
单 册:
中图分类: S32
科图分类:
主题词: 作物--饲养管理--品种 , 作物--品种资源
电子资源:
ISBN:
000 00692nam0 2200241 45
001 0181000378
005 20060816112041.84
010    @dCNY0.38
091    @a16236.001
100    @a19950114d1981 em y0chiy0121 ea
101 0  @achi
102    @aCN@b110000
105    @ay z 000yy
200 10 @a广开农村副业门路@Aguang kai nong cun fu ye men lu@f中央人民广播电台农村部编
210    @a北京@c广播出版社@d1981
215    @a171页@d19cm
606    @a作物@x饲养管理@x品种
606 0  @a作物@x品种资源
690    @aS32@v3
711 02 @a中央人民广播电台农村部@Azhong yang ren min guang bo dian tai nong cun bu@4编
801  2 @aCN@bNLC@c20060816
801  0 @aCN@bTSSF
905    @a10447@dS32@e28
    
    广开农村副业门路/中央人民广播电台农村部编.-北京:广播出版社,1981
    171页;19cm
    
    
    ISBN :CNY0.38
    
●
相关链接 在E读中查询图书 在五车中查询图书 在当当中查询图书 在豆瓣中查询图书


正题名:广开农村副业门路     索取号:S32/28         预约/预借

序号 登录号 条形码 馆藏地/架位号 状态 备注
1 0458687   204586876   密集书库/ [索取号:S32/28] 在馆    
唐山师范学院图书馆 欢迎您!
大连网信软件有限公司© 版权所有